MINDLESS EATING WHY WE EAT MORE THAN WE (Record no. 20318)
[ view plain ]
| 000 -LEADER | |
|---|---|
| fixed length control field | 00329nam a2200133Ia 4500 |
| 008 - FIXED-LENGTH DATA ELEMENTS--GENERAL INFORMATION | |
| fixed length control field | 240624s9999 xx 000 0 und d |
| 041 ## - LANGUAGE CODE | |
| Language code of text/sound track or separate title | eng |
| 082 ## - DEWEY DECIMAL CLASSIFICATION NUMBER | |
| Classification number | 828 WAN |
| 100 ## - MAIN ENTRY--PERSONAL NAME | |
| Personal name | WANSINK BRIAN |
| 245 ## - TITLE STATEMENT | |
| Title | MINDLESS EATING WHY WE EAT MORE THAN WE |
| 260 ## - PUBLICATION, DISTRIBUTION, ETC. | |
| Date of publication, distribution, etc. | 2010 |
| Place of publication, distribution, etc. | New York |
| Name of publisher, distributor, etc. | Random House |
| 300 ## - PHYSICAL DESCRIPTION | |
| Extent | 304 : p. |
| 365 ## - TRADE PRICE | |
| Currency code | |
| Price amount | 26 |
| Withdrawn status | Lost status | Damaged status | Not for loan | Home library | Current library | Shelving location | Date acquired | Source of acquisition | Cost, normal purchase price | Total Checkouts | Full call number | Barcode | Date due | Date last seen | Date last checked out | Copy number | Price effective from | Koha item type |
|---|---|---|---|---|---|---|---|---|---|---|---|---|---|---|---|---|---|---|
| IMTN | IMTN | Rack 43-A | 11/29/2012 | IBH | 7.99 | 1 | 828 WAN | 20318 | 01/24/2026 | 01/14/2026 | 01/14/2026 | 55.9 | 06/24/2024 | Books |